000 00981nam a2200265Ia 4500
003 OSt
005 20221005104052.0
006 a|||||r|||| 00| 0
007 ta
008 221004b |||||||| |||| 00| 0 hin d
020 _c165
024 _a106026
037 _b12961, 19/03/2011, Kitab Ghar
_cTextual
040 _aCRL
_cCRL
_bhin
041 _2hin
_ahin
082 _aO152,1J96x, N1
100 _aमिश्र, रमेशचन्द्र
245 0 _aसुन्दर सवैया ग्रन्थ
_b सुन्दर विलास
246 _aSundar savaiyā grantha: sundar vilāsa
260 _aदिल्ली
_bजगतराम एण्ड सन्स भारत
_c1991
300 _a304पृृ0
_ccm.
650 _aहिन्दी साहित्य
942 _hO152,1J96x, N1
_cTEXL
_2cc
999 _c1011645
_d1011645